[Event "Weiz op 16th"]
[Site "Weiz"]
[Date "2017.06.18"]
[Round "5.9"]
[White "Maichin, Rainer"]
[Black "Kaiser, Guenter2222"]
[Result "0-1"]
[WhiteElo "1207"]
[BlackElo "1876"]
[PlyCount "101"]
[EventDate "2017.06.15"]
[EventType "swiss"]
[EventRounds "5"]
[EventCountry "AUT"]
[SourceTitle "EXT 2024"]
[Source "ChessBase"]
[SourceDate "2023.10.10"]
[SourceVersion "1"]
[SourceVersionDate "2023.10.10"]
[SourceQuality "1"]

1. e4 c5 2. Nf3 Nc6 3. b3 d5 4. e5 Bg4 5. Be2 Bxf3 6. Bxf3 Nxe5 7. Bb2 Nc6 8. d3 Qc7 9. 0-0 e6 10. Nd2 Ne5 11. Re1 Bd6 12. Rc1 Nf6 13. Bxe5 Bxe5 14. g3 0-0 15. c4 Rad8 16. Qe2 Bb2 17. Rc2 Ba3 18. Kg2 Bb4 19. Ra1 Rfe8 20. Nf1 Nd7 21. Bh5 Ne5 22. Qe3 d4 23. Qe4 f5 24. Qe2 g6 25. f4 Nf7 26. Bf3 e5 27. Bd5 exf4 28. Qf3 fxg3 29. Nxg3 Re3 30. Qf2 Re5 31. Qf4 Kg7 32. Rf1 Qe7 33. Rff2 Be1 34. Rfe2 Bxg3 35. Rxe5 Qxe5 36. hxg3 Qe7 37. Qf3 b6 38. Re2 Qd6 39. Re6 Qc7 40. Qe2 Rd7 41. Rc6 Qe5 42. Kf2 Qxe2+ 43. Kxe2 Re7+ 44. Kf2 Ng5 45. Kf1 Kh6 46. a3 Kh5 47. b4 cxb4 48. axb4 Re3 49. c5 bxc5 50. Rxc5 Rxd3 51. Kf2 0-1

[Event "Weiz op 16th"]
[Site "Weiz"]
[Date "2017.06.16"]
[Round "3.10"]
[White "Schneidhofer, Dominik"]
[Black "Maichin, Rainer"]
[Result "1-0"]
[WhiteElo "1519"]
[BlackElo "1207"]
[PlyCount "111"]
[EventDate "2017.06.15"]
[EventType "swiss"]
[EventRounds "5"]
[EventCountry "AUT"]
[SourceTitle "EXT 2024"]
[Source "ChessBase"]
[SourceDate "2023.10.10"]
[SourceVersion "1"]
[SourceVersionDate "2023.10.10"]
[SourceQuality "1"]

1. e4 e5 2. Nf3 Nf6 3. Nxe5 Nc6 4. Nxc6 dxc6 5. Nc3 Bc5 6. d3 b5 7. Bg5 Bxf2+ 8. Kxf2 Ng4+ 9. Ke1 Qxg5 10. Qd2 Qh4+ 11. g3 Qf6 12. Bg2 0-0 13. Rf1 Qd4 14. Bf3 Bd7 15. Bxg4 Bxg4 16. Qf2 Qd6 17. Qf4 Qd7 18. Kd2 Rae8 19. Rae1 Bh3 20. Rf2 Re6 21. Qe3 Bg4 22. Qxa7 Qd6 23. Qe3 f6 24. a3 h6 25. Rf4 Bh5 26. h4 Bg6 27. Qf3 Rfe8 28. g4 Re5 29. Re2 Bf7 30. Rf5 Qe6 31. Rxe5 Qxe5 32. Rf2 Re7 33. Qf4 Qd6 34. Qxd6 cxd6 35. Ke3 Be6 36. Rg2 g6 37. Ne2 d5 38. Rg1 Kg7 39. Kd4 Re8 40. exd5 Bxd5 41. Nf4 Rd8 42. Kc5 g5 43. hxg5 hxg5 44. Nxd5 cxd5 45. c4 bxc4 46. dxc4 d4 47. b4 d3 48. Rd1 d2 49. b5 f5 50. b6 Rc8+ 51. Kb5 Rf8 52. Rxd2 f4 53. c5 f3 54. Rf2 Rf7 55. c6 Kf8 56. c7 1-0